000 00471nam a22001937a 4500
003 MPLRDC
005 20220104114603.0
008 210129b ||||| |||| 00| 0 eng d
020 _a962-447-068-5
082 _a848.3 LFY v.13 c.2
100 _a梁凤仪著
245 _a花帜
_c
250 _a第五版
260 _a
_b勤加缘出版社
_c1991
300 _b
490 _a梁凤仪小说系列;13
650 _a现代别集
942 _cBK
_o848.3 LFY v.13 c.2
999 _c8642
_d8632